000 00389nam a22001697a 4500
005 20260303100756.0
020 _a9789354799242
041 _aEnglish
082 _a361.3072 Q12 MCL
100 _aMclaughlin Hugh
245 _aUnderstanding Social Work Research
250 _a01
260 _aNew Delhi
_bSage Publications
_c2012
300 _a224
365 _b1100.00
942 _cBK
999 _c176823
_d176823